[Event "29th Czech Open-Rapid 2018"]
[Site "Pardubice"]
[Date "2018.07.18"]
[Round "3"]
[White "Domogaev, Sergey"]
[Black "Stocek, Jiri"]
[Result "1/2-1/2"]
[WhiteElo "2414"]
[BlackElo "2586"]
[Annotator "ChessBase"]
[PlyCount "124"]
[EventDate "2018.07.18"]
[EventType "swiss"]
[EventCountry "CZE"]
[SourceTitle "playchess.com"]
[Source "ChessBase"]
[SourceQuality "1"]
[TimeControl "900+10"]

1. d4 {[%emt 0:00:00]} Nf6 {[%emt 0:00:00]} 2. c4 {[%emt 0:00:00]} e6 {[%emt 0:00:00]} 3. Nf3 {[%emt 0:00:00]} b6 {[%emt 0:00:05]} 4. Bg5 {[%emt 0:00:02]} h6 {[%emt 0:00:07]} 5. Bh4 {[%emt 0:00:02]} c5 {[%emt 0:00:40]} 6. d5 {[%emt 0:00:22]} Ba6 {[%emt 0:01:21]} 7. e3 {[%emt 0:00:23]} exd5 {[%emt 0:00:35]} 8. cxd5 {[%emt 0:00:01]} Bxf1 {[%emt 0:00:08]} 9. Kxf1 {[%emt 0:00:41]} d6 {[%emt 0:00:03]} 10. Nc3 {[%emt 0:00:01]} Be7 {[%emt 0:00:18]} 11. h3 {[%emt 0:00:05]} O-O {[%emt 0:00:05]} 12. g4 {[%emt 0:00:04]} Na6 {[%emt 0:00:32]} 13. Bg3 {[%emt 0:00:03]} Nc7 {[%emt 0:00:14]} 14. e4 {[%emt 0:01:04]} Re8 {[%emt 0:00:45]} 15. Nd2 {[%emt 0:00:16]} b5 {[%emt 0:00:14]} 16. Kg2 {[%emt 0:00:32]} Nd7 {[%emt 0:00:11]} 17. Rc1 {[%emt 0:00:28]} Nb6 {[%emt 0:00:05]} 18. b3 {[%emt 0:00:03]} Bf6 {[%emt 0:00:45]} 19. Re1 {[%emt 0:00:08]} a5 {[%emt 0:00:18]} 20. a4 {[%emt 0:00:10]} Bxc3 {[%emt 0:01:09]} 21. Rxc3 {[%emt 0:00:02]} Qd7 {[%emt 0:00:02]} 22. axb5 {[%emt 0:00:16]} Nxb5 {[%emt 0:00:05]} 23. Rce3 {[%emt 0:00:03]} Nd4 {[%emt 0:00:49]} 24. Nf3 {[%emt 0:02:05]} Nxf3 {[%emt 0:00:08]} 25. Qxf3 {[%emt 0:00:03]} a4 {[%emt 0:00:43]} 26. bxa4 {[%emt 0:00:02]} Rxa4 {[%emt 0:00:02]} 27. Qd1 {[%emt 0:00:43]} f6 {[%emt 0:01:23]} 28. Rb3 {[%emt 0:00:35]} Nc8 {[%emt 0:04:16]} 29. Qb1 {[%emt 0:00:31]} Ra7 {[%emt 0:00:29]} 30. Rb8 {[%emt 0:00:06]} Kf7 {[%emt 0:00:10]} 31. Re3 {[%emt 0:00:02]} Qa4 {[%emt 0:00:52]} 32. Qb5 {[%emt 0:00:24]} Qxb5 {[%emt 0:00:14]} 33. Rxb5 {[%emt 0:00:02]} Ra8 {[%emt 0:00:17]} 34. Rb7+ {[%emt 0:00:12]} Re7 {[%emt 0:00:03]} 35. Reb3 {[%emt 0:00:09]} Ra7 {[%emt 0:00:21]} 36. Rb8 {[%emt 0:00:02]} Rec7 {[%emt 0:00:11]} 37. h4 {[%emt 0:00:16]} Ke7 {[%emt 0:00:23]} 38. h5 {[%emt 0:00:02]} Kd7 {[%emt 0:00:04]} 39. Bf4 {[%emt 0:00:23]} Ra4 {[%emt 0:00:53]} 40. f3 {[%emt 0:01:59]} Ra6 {[%emt 0:00:02]} 41. Kg3 {[%emt 0:00:07]} c4 {[%emt 0:00:06]} 42. Rc3 {[%emt 0:00:02]} Rb6 {[%emt 0:00:04]} 43. Rxb6 {[%emt 0:00:20]} Nxb6 {[%emt 0:00:02]} 44. Be3 {[%emt 0:00:03]} Na4 {[%emt 0:00:09]} 45. Ra3 {[%emt 0:00:03]} Nb2 {[%emt 0:00:05]} 46. Bd4 {[%emt 0:00:11]} Nd3 {[%emt 0:00:06]} 47. f4 {[%emt 0:00:09]} Nc5 {[%emt 0:00:27]} 48. Bxc5 {[%emt 0:00:36]} Rxc5 {[%emt 0:00:01]} 49. Rc3 {[%emt 0:00:01]} Kc7 {[%emt 0:00:04]} 50. Kf3 {[%emt 0:00:00]} Kb6 {[%emt 0:00:02]} 51. Ke3 {[%emt 0:00:01]} Kb5 {[%emt 0:00:16]} 52. Kd4 {[%emt 0:00:06]} Kb4 {[%emt 0:00:03]} 53. Rc1 {[%emt 0:00:01]} c3 {[%emt 0:00:10]} 54. Kd3 {[%emt 0:00:51]} Rc4 {[%emt 0:00:58]} 55. Rb1+ {[%emt 0:00:18]} Kc5 {[%emt 0:00:01]} 56. Rb7 {[%emt 0:00:04]} Rd4+ {[%emt 0:00:01]} 57. Kxc3 {[%emt 0:00:01]} Rxe4 {[%emt 0:00:03]} 58. Rxg7 {[%emt 0:00:03]} Rxf4 {[%emt 0:00:06]} 59. Rg6 {[%emt 0:00:03]} Rf3+ {[%emt 0:00:26]} 60. Kd2 {[%emt 0:00:02]} Kxd5 {[%emt 0:00:02]} 61. Rxh6 {[%emt 0:00:02]} Ke4 {[%emt 0:00:15]} 62. Rg6 {[%emt 0:00:03]} Ke5 1/2-1/2

[Event "29th Czech Open-Rapid 2018"]
[Site "Pardubice"]
[Date "2018.07.18"]
[Round "3"]
[White "Potapov, Alexander"]
[Black "Tarakanov, Oleg"]
[Result "0-1"]
[WhiteElo "2404"]
[BlackElo "2123"]
[Annotator "TA"]
[PlyCount "88"]
[EventDate "2018.07.18"]
[EventType "swiss"]
[EventCountry "CZE"]
[SourceTitle "playchess.com"]
[Source "ChessBase"]
[SourceQuality "1"]

{[%evp 10,88,22,14,10,-11,-13,-25,10,-90,-4,0,135,125,131,125,152,147,133,153,280,272,279,280,276,275,279,285,297,260,281,276,277,260,244,232,220,214,243,230,252,0,235,224,229,184,185,166,163,154,307,300,296,217,214,218,360,303,394,261,294,282,382,393,489,266,227,-868,-828,-1786,-1765,-29981,-29982,-29982,-29983,-29983,-29982,-29991,-29992,-29995,-29996]} 1. d4 d5 2. c4 c6 3. Nc3 Nf6 4. Bf4 e6 5. e3 Bd6 6. Bg5 {LiveBook: 4 Games. D35: Queen's Gambit Declined: Exchange Variation} (6. Bxd6 Qxd6 7. Nf3 O-O 8. Qc2 Nbd7 9. Rd1 b6 10. Be2 Bb7 11. O-O Qe7 12. e4 dxe4 13. Nxe4 c5 14. Nc3 cxd4 15. Nxd4 {1-0 (46) Kramnik,V (2777)-Dubov,D (2661) Berlin 2015 CBM 168 Extra [Schulz,André]}) 6... Nbd7 7. c5 {[%cal Bc4c5,Bc5c6][%mdl 32]} Bc7 8. f4 {The position is equal.} b6 9. b4 (9. cxb6 $1 $11 Bxb6 10. Nf3) 9... a5 $146 (9... bxc5 $17 10. bxc5 Ba5) ({Predecessor:} 9... bxc5 10. bxc5 Ba5 11. Rc1 Bxc3+ 12. Rxc3 Qa5 13. Qc1 Ne4 14. Ne2 Rb8 15. Kd1 Ba6 16. Rb3 Nf2+ 17. Kc2 Qxa2+ 18. Rb2 Bd3+ {0-1 (18) Podlesny,P (2079)-Slanina,M (2140) Czechia 2012}) 10. b5 $11 cxb5 (10... Bb7 $11 {keeps the balance.}) 11. c6 $16 Nb8 12. Bxb5 Ba6 13. a4 Qd6 14. Rc1 Ne4 (14... O-O $16) 15. Nxe4 $18 dxe4 16. Ne2 O-O 17. O-O Bc8 18. Nc3 f6 19. Nxe4 Qe7 20. Bh4 Na6 21. Qb3 Nb4 22. Be1 Nd5 23. Bd2 Kh8 24. Nf2 Qd6 25. Ne4 Qe7 26. Rf3 Rd8 27. Rcf1 Ba6 28. Nf2 Bxb5 29. axb5 e5 $2 {[#]} (29... a4 $16 30. Qc2 f5) 30. fxe5 fxe5 31. g3 a4 32. Qc4 e4 (32... exd4 $142 33. exd4 a3) 33. Rf5 Nf6 {[%cal Bd5f6,Bf6g4,Bg4h2,Bh2f1][%mdl 32]} 34. Nd1 a3 35. Bb4 Qe8 {Threatening ...a2.} 36. Nc3 Qg6 {White must now prevent ...Bxg3.} 37. Kg2 (37. Be7 $142 {[%cal Rf5f6] Hoping for Rxf6.} Rg8 38. Rxf6 gxf6 39. Bxf6+ Rg7 40. Qe6) 37... Ng4 38. Nd1 $4 {[%mdl 8192] [#]} (38. Qe2 $18) 38... Nxh2 $1 $19 {[%mdl 512]} 39. R5f4 (39. Kxh2 Qxg3+) 39... Nxf1 40. Kxf1 a2 {Black mates.} 41. Bc3 a1=Q 42. Bxa1 Rxa1 43. Ke2 Bxf4 44. c7 Qg4+ {Precision: White = 45%, Black = 40%.} 0-1

[Event "29th Czech Open-Rapid 2018"]
[Site "Pardubice"]
[Date "2018.07.18"]
[Round "3"]
[White "Manik, Mikulas"]
[Black "Bernadskiy, Vitaliy"]
[Result "0-1"]
[WhiteElo "2400"]
[BlackElo "2586"]
[Annotator "TA"]
[PlyCount "68"]
[EventDate "2018.07.18"]
[EventType "swiss"]
[EventCountry "CZE"]
[SourceTitle "playchess.com"]
[Source "ChessBase"]
[SourceQuality "1"]

{[%evp 28,68,-91,-74,-14,-108,-90,-87,-87,-87,-86,-178,-160,-179,-104,-326,-307,-316,-323,-299,-287,-382,-339,-389,-380,-417,-395,-496,-469,-523,-515,-987,-495,-2897,-462,-2610,-211,-993,-858,-1793,-1746,-29989,-29990]} 1. e4 c5 2. Nf3 Nc6 3. Bb5 e6 4. O-O Nge7 5. Re1 a6 6. Bxc6 Nxc6 7. d4 cxd4 8. Nxd4 Be7 9. Nc3 d6 10. Nxc6 bxc6 11. Qg4 g6 {[%cal Bg7g6,Bg6g5][%mdl 32]} 12. Bh6 {B30: Sicilian: 2...Nc6 3 Bb5, lines without ...g6} (12. Qe2 e5 13. Na4 O-O 14. c4 Rb8 15. b3 Be6 16. Ba3 c5 17. Rad1 Qa5 18. Bc1 Rfd8 19. Bd2 Qc7 {½-½ (49) Safarli,E (2657)-Anand,V (2803) Berlin 2015}) 12... e5 13. Qg3 g5 14. Rad1 Rg8 15. h4 {LiveBook: 4 Games} f6 ({Black should play} 15... Rg6 $17 16. hxg5 f6) 16. Qf3 $146 (16. h5 $11 {remains equal.}) ({Predecessor:} 16. hxg5 fxg5 17. Qh2 Qd7 18. Qh5+ Kd8 19. Na4 Qg4 {0-1 (35) Bakhtadze,G (2275)-Liiva,R (2410) Holon 1995}) 16... Rg6 $17 17. Qh5 Qd7 18. hxg5 fxg5 {[%cal Bf6g5,Bg5g4][%mdl 32] ...Qg4 is the strong threat.} 19. Bg7 (19. Rd3 $17 {was necessary.}) 19... Qe6 $1 $19 20. Qxh7 {[#]} Bb7 (20... Ra7 $1 $19 {White must now prevent ...Bf8.} 21. Qh8+ Kf7) 21. Ne2 $2 (21. Na4 $17 O-O-O 22. Bxe5) 21... Qf7 22. Qh8+ Kd7 23. Qh3+ g4 24. Qa3 {Threatens to win with Bxe5.} Qxg7 ({Don't do} 24... Rxg7 25. Qb4 $19) 25. Ng3 Rh8 26. Rd3 Qh7 27. Red1 Rf6 28. Rb3 Bc8 29. Qa5 (29. Rbd3 $142 d5 30. Qc3) 29... Ke8 {Strongly threatening ...Qh2+.} 30. Qc7 (30. Kf1 $142 Bd8 31. Qa4) 30... Qh2+ 31. Kf1 {[#]} Be6 $2 (31... Rxf2+ $1 {[%mdl 512]} 32. Kxf2 Rf8+ 33. Nf5 Bxf5 34. Ke1 Qg1+ 35. Kd2 Bg5+ 36. Ke2 Qxg2+ 37. Kd3 Bxe4+ 38. Kc4 Qxc2+ 39. Kb4 Qc5+ 40. Ka4 Bc2 41. Qc8+ Ke7 42. Qb7+ Ke6 43. Rxd6+ Kxd6 44. Qb4 Rf4 45. Ka3 Rxb4 46. Rxb4 Qa5+ 47. Ra4 Qxa4#) 32. Qxc6+ $2 (32. Nf5 Rxf5 33. exf5 Bxb3 34. cxb3) 32... Kf7 33. Qxa6 Bxb3 34. axb3 Qxg3 {Precision: White = 23%, Black = 67%.} 0-1

[Event "29th Czech Open-Rapid 2018"]
[Site "Pardubice"]
[Date "2018.07.18"]
[Round "3"]
[White "Lalic, Bogdan"]
[Black "Sadhwani, Raunak"]
[Result "0-1"]
[WhiteElo "2394"]
[BlackElo "2409"]
[Annotator "NA"]
[PlyCount "68"]
[EventDate "2018.07.18"]
[EventType "swiss"]
[EventCountry "CZE"]
[SourceTitle "playchess.com"]
[Source "ChessBase"]
[SourceQuality "1"]
[TimeControl "900+10"]

1. d4 {[%emt 0:00:00]} Nf6 {[%emt 0:00:00]} 2. c4 {[%emt 0:00:00]} e6 {[%emt 0:00:00]} 3. Nf3 {[%emt 0:00:00]} d5 {[%emt 0:00:00]} 4. Nc3 {[%emt 0:00:04]} c6 {[%emt 0:00:00]} 5. Bg5 {[%emt 0:00:06]} dxc4 {[%emt 0:00:00]} 6. a4 {[%emt 0:00:18]} h6 {[%emt 0:00:12]} 7. Bxf6 {[%emt 0:00:09]} Qxf6 {[%emt 0:00:02]} 8. e3 {[%emt 0:00:13]} a5 {[%emt 0:00:26]} 9. Bxc4 {[%emt 0:00:05]} Bb4 {[%emt 0:00:03]} 10. O-O O-O 11. Ne4 {[%emt 0:00:42]} Qe7 {[%emt 0:00:12]} 12. Ne5 {[%emt 0:00:15]} Nd7 {[%emt 0:00:02]} 13. f4 {[%emt 0:00:08]} Nb6 {[%emt 0:00:38]} 14. Bd3 {[%emt 0:00:24]} Bd7 {[%emt 0:00:14]} 15. Qh5 {[%emt 0:00:16]} Be8 {[%emt 0:00:19]} 16. Qh3 {[%emt 0:00:52]} f6 {[%emt 0:00:13]} 17. Nc4 {[%emt 0:00:21]} Nd5 {[%emt 0:00:40]} 18. Rf3 {[%emt 0:00:41]} b5 {[%emt 0:00:16]} 19. Na3 {[%emt 0:00:27]} f5 {[%emt 0:01:35]} 20. Nf2 {[%emt 0:00:38]} Bxa3 {[%emt 0:00:07]} 21. bxa3 {[%emt 0:00:36]} b4 {[%emt 0:00:20]} 22. g4 {[%emt 0:00:23]} Bg6 {[%emt 0:04:48]} 23. Rg3 {[%emt 0:00:16]} b3 {[%emt 0:00:29]} 24. gxf5 {[%emt 0:01:41]} Bxf5 {[%emt 0:00:02]} 25. Bxf5 {[%emt 0:00:49]} exf5 {[%emt 0:00:13]} 26. Qxh6 {[%emt 0:00:08]} Nc3 {[%emt 0:02:07]} 27. Qxc6 {[%emt 0:02:04]} Rfc8 {[%emt 0:01:16]} 28. Qg6 {[%emt 0:00:19]} b2 {[%emt 0:00:46]} 29. Re1 {[%emt 0:00:03]} Ne2+ {[%emt 0:00:12]} 30. Kg2 {[%emt 0:00:21]} Nxg3 {[%emt 0:00:01]} 31. Kxg3 {[%emt 0:00:05]} Rc1 {[%emt 0:00:34]} 32. Qxf5 {[%emt 0:00:02]} Rxe1 {[%emt 0:00:32]} 33. Qd5+ {[%emt 0:00:00]} Qf7 {[%emt 0:00:16]} 34. Qxa8+ {[%emt 0:00:01]} Kh7 {[%emt 0:00:02]} 0-1

[Event "29th Czech Open-Rapid 2018"]
[Site "Pardubice"]
[Date "2018.07.18"]
[Round "3"]
[White "Straka, Vojtech"]
[Black "Mitra, Roman C"]
[Result "0-1"]
[WhiteElo "2379"]
[BlackElo "2104"]
[Annotator "TA"]
[PlyCount "164"]
[EventDate "2018.07.18"]
[EventType "swiss"]
[EventCountry "CZE"]
[SourceTitle "playchess.com"]
[Source "ChessBase"]
[SourceQuality "1"]

{[%evp 17,164,51,54,36,79,59,69,28,35,2,76,93,206,192,183,110,119,108,116,100,120,61,155,143,202,154,172,173,135,0,0,0,0,0,19,0,0,-2,-2,-15,-16,-55,-62,-54,-53,-116,-115,-264,0,-87,-25,-25,0,0,0,0,0,0,44,-21,-22,-306,-308,-299,-283,-479,-460,-617,-591,-574,-552,-1024,-936,-854,-808,-29970,-1037,-5458,-5458,-2783,-2865,-1787,-1689,-1133,-1131,-2121,-1977,-1479,-1594,-1391,-1351,-1270,-1194,-12643,-12807,-5736,-7346,-29939,-29949,-29962,-29964,-29957,-29963,-29963,-29964,-29962,-29961,-29974,-29943,-29974,-29976,-29975,-29973,-29973,-29974,-29973,-29974,-29979,-29979,-29979,-29979,-29979,-29976,-29976,-29977,-29977,-29977,-29977,-29973,-29986,-5097,-29987,-29988,-29988,-29989,-29994,-29995,-29995,-29986,-29986,-29987,-29987,-29988,-29988,-29989,-29989,-29990,-29994,-1312]} 1. d4 g6 2. c4 c6 3. Nc3 d6 4. Nf3 Bg4 5. g3 Bxf3 6. exf3 Bg7 7. Be3 {A41: 1 d4 d6: Tartakower System and Modern Defence} Nd7 (7... Nf6 8. Qb3 Qd7 9. Ne4 Na6 10. Be2 O-O 11. O-O c5 12. Nxf6+ Bxf6 13. Rad1 cxd4 14. Bxd4 Bxd4 15. Rxd4 {1-0 (57) Melkumyan,H (2640)-Kuzubov,Y (2635) Izmir 2016}) 8. Bg2 Ngf6 9. O-O O-O {LiveBook: 4 Games} 10. a4 $146 ({Predecessor:} 10. f4 e6 11. d5 exd5 12. cxd5 c5 13. f5 {0-1 (52) Roeder,M (2422)-Hendriks,W (2387) Germany 2015}) 10... e5 11. d5 c5 12. f4 Re8 13. Nb5 Nb6 (13... exf4 $11 14. Bxf4 Ne5) 14. fxe5 $16 dxe5 (14... Rxe5 $16 {was called for.} 15. Bf4 Nxc4) 15. Bxc5 $18 Nxc4 16. Rc1 (16. d6 $18) 16... a6 $16 17. Rxc4 axb5 18. axb5 Qd7 19. b6 (19. Qc2 $16) 19... Rec8 (19... Rad8 $14) 20. b4 Qb5 (20... Bf8 $16 21. Qe2 Bd6) 21. Rc2 Nd7 {[%cal Rd7c5]} 22. Qc1 Nxb6 23. Bxb6 (23. Rd1 $16) 23... Rxc2 $11 24. Qxc2 Qxb6 25. Qc5 Qd8 26. Rd1 b6 27. Qb5 Qd6 28. Rc1 Bf8 29. Qc6 Ra2 30. b5 Kg7 31. h3 {[#]} ({White should play} 31. Rd1 $15) 31... Qa3 $1 $17 {White must now prevent ...Bc5.} 32. Rc3 (32. Qc4 $17) 32... Qd6 $2 (32... Qb2 $19 33. Rf3 e4 34. Qc3+ Qxc3 35. Rxc3 f5 36. Rc7+ Kf6 37. Rxh7 Bc5) 33. Rf3 (33. Rc1 $11 {keeps the balance.}) 33... f5 $40 {[%mdl 128] Black is up to no good.} ({Black should try} 33... Ra7 $17 34. Rc3 Qb4) 34. Rc3 $11 e4 35. Qb7+ Kg8 $1 {Threatens to win with ...Qb4.} 36. Rc6 Qe5 37. Qxb6 Qxd5 38. Rf6 ({Better is} 38. Rc8 $14 Rd2 39. Bf1) 38... Bc5 39. Qe6+ $2 {[%mdl 8192]} (39. Qb8+ $1 $11 {and White has nothing to worry.} Kg7 40. Rc6 Bxf2+ 41. Kh2) 39... Qxe6 $19 40. Rxe6 Bxf2+ {[%mdl 4096] Endgame KRB-KRB} 41. Kf1 $2 (41. Kh2 {was the only chance.}) 41... Bxg3 42. b6 Rb2 43. Rc6 Kg7 44. h4 Bxh4 45. Rc7+ Kh6 46. Bh3 Bg3 (46... e3 $142 47. Rc1 e2+ 48. Kg1 Rd2 49. Rf1 Rd1 50. b7 Rxf1+ 51. Bxf1 e1=Q 52. b8=Q Qf2+ 53. Kh1 Qxf1+ 54. Kh2 Bg5 55. Qg3 Bf4 56. Qxf4+ Qxf4+ 57. Kg1 g5 58. Kh1 g4 59. Kg1 g3 60. Kg2 Qf2+ 61. Kh3 Qh2#) 47. Rc6 e3 48. Re6 f4 {( -> ...f3)} 49. Bg4 f3 50. Bxf3 Rf2+ 51. Kg1 Rxf3 {KRB-KR} 52. Kg2 Rf2+ ({Not} 52... Rf6 $2 53. Rxf6 Bb8 54. Re6 $18) 53. Kxg3 {KR-KR} Rb2 54. Kf3 {[#]} e2 $1 55. Kf2 (55. Rxe2 Rxb6) 55... Kg5 56. Re5+ Kf4 57. Re7 h5 {[%cal Bh7h5,Bh5h4,Bh4h3][%mdl 32]} 58. b7 g5 59. Rf7+ Kg4 60. Re7 h4 61. Re4+ Kf5 62. Re7 g4 63. Rxe2 Rxb7 64. Ra2 Rb4 65. Kg2 h3+ 66. Kg3 Rb3+ 67. Kh2 Kf4 68. Rf2+ Rf3 69. Ra2 Kg5 70. Ra8 Rf2+ 71. Kg1 Rg2+ 72. Kh1 Rb2 73. Ra1 Kh4 (73... Rb4 $142 74. Ra5+ Kh4 75. Kg1 g3 76. Ra1 h2+ 77. Kg2 Rb2+ 78. Kf3 g2 79. Ra4+ Kh3 80. Ra8 Rb3+ 81. Kf4 Rb4+ 82. Kf5 h1=Q 83. Rh8+ Rh4 84. Rg8 Qf1+ 85. Ke5 Qe2+ 86. Kd6 Qd3+ 87. Ke7 Re4+ 88. Kf6 Qf3+ 89. Kg6 g1=Q+ 90. Kh7 Qh5#) 74. Rg1 g3 {[%csl Gg3][%cal Rb2h2,Bg4g3,Bg3g2][%mdl 32] Black mates.} 75. Ra1 Rb4 76. Rg1 Rf4 77. Rb1 g2+ 78. Kh2 Rf1 {[%csl Gf1][%cal Rg2g1]} 79. Rb4+ Kg5 80. Rb5+ Kf6 81. Rb6+ Ke5 82. Rg6 Rh1+ {Precision: White = 30%, Black = 62%.} 0-1

[Event "29th Czech Open-Rapid 2018"]
[Site "Pardubice"]
[Date "2018.07.18"]
[Round "3"]
[White "Cerveny, Martin"]
[Black "Deepan Chakkravarthy J"]
[Result "0-1"]
[WhiteElo "2359"]
[BlackElo "2519"]
[Annotator "RC"]
[PlyCount "108"]
[EventDate "2018.07.18"]
[EventType "swiss"]
[EventCountry "CZE"]
[SourceTitle "playchess.com"]
[Source "ChessBase"]
[SourceQuality "1"]
[TimeControl "900+10"]

1. d4 {[%emt 0:00:00]} Nf6 {[%emt 0:00:00]} 2. Nf3 {[%emt 0:00:00]} e6 {[%emt 0:00:00]} 3. c4 {[%emt 0:00:00]} Bb4+ {[%emt 0:00:00]} 4. Bd2 {[%emt 0:00:02]} a5 {[%emt 0:00:00]} 5. g3 {[%emt 0:00:02]} O-O {[%emt 0:00:07]} 6. Bg2 {[%emt 0:00:03]} d6 {[%emt 0:00:06]} 7. O-O {[%emt 0:00:05]} Bxd2 {[%emt 0:00:03]} 8. Qxd2 {[%emt 0:00:04]} Qe7 {[%emt 0:00:06]} 9. Nc3 {[%emt 0:00:10]} c6 {[%emt 0:00:02]} 10. e4 {[%emt 0:02:02]} e5 {[%emt 0:00:01]} 11. Rfe1 {[%emt 0:00:02]} Bg4 {[%emt 0:00:14]} 12. Nh4 {[%emt 0:00:33]} Na6 {[%emt 0:00:28]} 13. h3 {[%emt 0:00:17]} Bd7 {[%emt 0:00:25]} 14. Nf5 {[%emt 0:00:50]} Bxf5 {[%emt 0:00:15]} 15. exf5 {[%emt 0:00:02]} Qc7 {[%emt 0:00:01]} 16. g4 {[%emt 0:01:14]} Rfe8 {[%emt 0:00:11]} 17. f4 {[%emt 0:01:16]} exd4 {[%emt 0:00:21]} 18. Qxd4 {[%emt 0:00:03]} Nb4 {[%emt 0:00:23]} 19. Rxe8+ {[%emt 0:01:16]} Rxe8 {[%emt 0:00:04]} 20. Rd1 {[%emt 0:00:07]} Nc2 {[%emt 0:00:33]} 21. Qf2 {[%emt 0:01:15]} Ne3 {[%emt 0:00:26]} 22. Re1 {[%emt 0:00:07]} Nxg2 {[%emt 0:00:18]} 23. Rxe8+ {[%emt 0:00:38]} Nxe8 {[%emt 0:00:02]} 24. Kxg2 {[%emt 0:00:02]} Kf8 {[%emt 0:00:35]} 25. g5 {[%emt 0:01:00]} Qe7 {[%emt 0:00:02]} 26. Kf3 {[%emt 0:00:13]} Qd7 {[%emt 0:00:29]} 27. Qb6 {[%emt 0:03:46]} Qxf5 {[%emt 0:00:29]} 28. Ne4 {[%emt 0:00:13]} Qxh3+ {[%emt 0:00:08]} 29. Ng3 {[%emt 0:00:04]} h5 {[%emt 0:00:48]} 30. gxh6 {[%emt 0:00:06]} gxh6 {[%emt 0:00:02]} 31. Qxa5 {[%emt 0:00:20]} Nf6 {[%emt 0:00:01]} 32. Qd8+ {[%emt 0:00:24]} Kg7 {[%emt 0:00:02]} 33. Kf2 {[%emt 0:02:09]} h5 {[%emt 0:00:09]} 34. Qa5 {[%emt 0:00:05]} Qg4 {[%emt 0:00:43]} 35. Qg5+ {[%emt 0:00:32]} Qxg5 {[%emt 0:00:06]} 36. fxg5 {[%emt 0:00:02]} Ng4+ {[%emt 0:00:02]} 37. Kf3 {[%emt 0:01:11]} Kg6 {[%emt 0:00:03]} 38. Kf4 {[%emt 0:00:11]} Ne5 {[%emt 0:00:02]} 39. b3 {[%emt 0:00:26]} Nd3+ {[%emt 0:00:02]} 40. Ke3 {[%emt 0:00:07]} Nc5 {[%emt 0:00:08]} 41. b4 {[%emt 0:00:10]} Na6 {[%emt 0:00:51]} 42. b5 {[%emt 0:00:10]} Nc5 {[%emt 0:00:17]} 43. Ne2 {[%emt 0:00:15]} cxb5 {[%emt 0:00:09]} 44. cxb5 {[%emt 0:00:03]} Kxg5 {[%emt 0:00:02]} 45. Nc3 {[%emt 0:00:21]} f5 {[%emt 0:00:54]} 46. a4 {[%emt 0:00:01]} Kg4 {[%emt 0:00:03]} 47. a5 {[%emt 0:00:05]} h4 {[%emt 0:00:05]} 48. Kf2 {[%emt 0:00:30]} h3 {[%emt 0:00:06]} 49. Kg1 {[%emt 0:00:04]} f4 {[%emt 0:00:06]} 50. Ne2 {[%emt 0:00:22]} f3 {[%emt 0:00:32]} 51. Nc3 {[%emt 0:00:05]} Kg3 {[%emt 0:00:10]} 52. Nd1 {[%emt 0:00:19]} h2+ {[%emt 0:00:02]} 53. Kh1 {[%emt 0:00:02]} Ne4 {[%emt 0:00:02]} 54. a6 {[%emt 0:00:04]} Kh3 {[%emt 0:00:08]} 0-1

[Event "29th Czech Open-Rapid 2018"]
[Site "Pardubice"]
[Date "2018.07.18"]
[Round "3"]
[White "Turner, Jan"]
[Black "Kukelko, Alexey"]
[Result "0-1"]
[WhiteElo "2348"]
[BlackElo "2196"]
[Annotator "NA"]
[PlyCount "84"]
[EventDate "2018.07.18"]
[EventType "swiss"]
[EventCountry "CZE"]
[SourceTitle "playchess.com"]
[Source "ChessBase"]
[SourceQuality "1"]
[TimeControl "900+10"]

1. b3 {[%emt 0:00:00]} d5 {[%emt 0:00:00]} 2. Bb2 {[%emt 0:00:00]} Bg4 {[%emt 0:00:00]} 3. g3 {[%emt 0:00:10]} Nc6 {[%emt 0:00:19]} 4. Bg2 {[%emt 0:00:03]} Qd7 {[%emt 0:00:00]} 5. h3 {[%emt 0:00:50]} Bf5 {[%emt 0:00:25]} 6. Nf3 {[%emt 0:01:09]} f6 {[%emt 0:01:58]} 7. c4 {[%emt 0:00:47]} d4 {[%emt 0:00:31]} 8. d3 {[%emt 0:00:10]} e5 {[%emt 0:00:01]} 9. Nbd2 {[%emt 0:00:04]} a5 {[%emt 0:00:11]} 10. a3 {[%emt 0:00:03]} Nh6 {[%emt 0:00:34]} 11. Qc2 {[%emt 0:01:13]} Nf7 {[%emt 0:00:08]} 12. h4 {[%emt 0:02:04]} Be7 {[%emt 0:00:25]} 13. Ne4 {[%emt 0:00:36]} O-O {[%emt 0:00:25]} 14. O-O {[%emt 0:00:16]} Be6 {[%emt 0:00:29]} 15. Rad1 {[%emt 0:03:14]} h6 {[%emt 0:00:30]} 16. e3 {[%emt 0:00:54]} f5 {[%emt 0:00:01]} 17. exd4 {[%emt 0:00:01]} fxe4 {[%emt 0:00:09]} 18. d5 {[%emt 0:00:01]} exf3 {[%emt 0:00:10]} 19. dxe6 {[%emt 0:00:11]} Qxe6 {[%emt 0:00:01]} 20. Bxf3 {[%emt 0:00:02]} Bc5 {[%emt 0:00:52]} 21. Kg2 {[%emt 0:00:41]} Kh8 {[%emt 0:00:33]} 22. Rde1 {[%emt 0:00:08]} Qf6 {[%emt 0:00:19]} 23. Bd5 {[%emt 0:00:23]} Nd4 {[%emt 0:01:00]} 24. Bxd4 {[%emt 0:00:20]} Bxd4 {[%emt 0:00:03]} 25. Bxb7 {[%emt 0:00:03]} Rab8 {[%emt 0:00:11]} 26. Be4 {[%emt 0:00:27]} Qb6 {[%emt 0:00:09]} 27. Rb1 {[%emt 0:00:18]} Nd6 {[%emt 0:00:07]} 28. b4 {[%emt 0:00:24]} Nxe4 {[%emt 0:00:02]} 29. dxe4 {[%emt 0:00:01]} axb4 {[%emt 0:00:09]} 30. axb4 {[%emt 0:00:02]} Rf6 {[%emt 0:00:30]} 31. f3 {[%emt 0:00:22]} Ra8 {[%emt 0:00:19]} 32. Rfd1 {[%emt 0:00:32]} Qb7 {[%emt 0:00:15]} 33. Rd2 {[%emt 0:00:20]} Rfa6 {[%emt 0:00:21]} 34. Qd3 {[%emt 0:00:26]} Ra4 {[%emt 0:00:58]} 35. b5 {[%emt 0:00:12]} Qb6 {[%emt 0:00:09]} 36. Rc2 {[%emt 0:00:15]} Qc5 {[%emt 0:00:13]} 37. Qe2 {[%emt 0:00:15]} Ra3 {[%emt 0:00:06]} 38. Rf1 {[%emt 0:00:16]} Re3 {[%emt 0:00:22]} 39. Qd2 {[%emt 0:00:05]} Raa3 {[%emt 0:00:02]} 40. h5 {[%emt 0:00:13]} Red3 {[%emt 0:00:15]} 41. Qe2 {[%emt 0:00:04]} Rdc3 {[%emt 0:00:50]} 42. Rxc3 {[%emt 0:00:06]} Rxc3 {[%emt 0:00:01]} 0-1